000 00634nam a2200229 i 4500
001 bgj
100 1 _aSCOTT, Roger
245 1 0 _aWriting :
_bwith answer key /
_cRoger Scott.
260 _aNew York [etc.] :
_bPrentice Hall Europe,
_c1997.
300 _a100 pp :
_bill. ;
_c28 cm.
490 1 _aKey Skills for FCE
505 _aIncludes answer key.
650 9 _aEnglish language
_xCompositions
650 9 _aEnglish language
_xWriting |FCE
830 _aKey Skills for FCE
020 _a0132577755
040 _cBPK
041 0 _aeng
920 _a0-13-257775-5
942 _cKS
008 s uk f |000 0 eng
999 _c48425
_d48425
856 _uhttp://koha.tu.koszalin.pl/cgi-bin/koha/opac-detail.pl?biblionumber=48425
_yKatalog online BPK